00987nam a22002537a 450000500170000001000130001702000230003003500130005303700160006604000120008208200160009410000260011024500460013626000450018227000460022730000240027350000190029765000290031665000510034594200250039699900190042195201610044095201320060120170124110239.0 aA-999099 c175.00a8120315928 aA-999099 bCen Lib/Ret aDPLbEN a005.43bWAI aWaingrow, Kirk993697 aUnix hints and hacks /cby Kirk Wainhrow  bPrentice Hall of India c1999aNew Delhi bNew DelhiaM-97, Connaght Circus e110001 axi,479p. c22cm(Hb) aIncludes index aComputer science 993698 aComputer science -- Networking security993699 2ddccENh005.43mWAI c135044d135044 04104070aLbLd2015-09-30eCen Lib/Retg175.00l1o005.43 WAIpA-999099r2017-12-12 00:00:00s2017-11-28t1v175.00w2015-09-30yENzW/d list no. 6802/22 00102ddc4070aLbLd2016-11-05eCen Lib/Retg175.00l0o005.43 WAIpA-999098r2016-11-05 00:00:00t2v175.00w2016-11-05yEN